同音意義語を当てる - Statistics

General Stats
  • This quiz has been taken 15 times
  • The average score is 6 of 12
Answer Stats
Hint Answer % Correct
1昔のこと。古い事柄。2食事の席にいて世話をすること。 3野球にはげむ少年。 きゅうじ
92%
1火をもてあそぶこと。火遊び。2建物の中の部屋と部屋を繋ぐ細い通路。 3加齢に伴って肉体的、精神的機能が衰えること。 ろうか
69%
1人を一定の場所に閉じ込めて、行動の自由を奪うこと。 2物品を売って現金にすること。 かんきん
69%
1中国の六部の一つ。2人を見下して馬鹿にすること。 3頭と胴体を繋ぐ部分。 4警察官の階級の一つ。 けいぶ
62%
1悪条件を押し切って行うこと。2古くからの慣わしとして行われていること。 3ゆっくり進むこと。 かんこう
54%
1君主に使えるもの。2物事の本当の価値。 3周囲の条件やそれ自身の内部の発達によって長い間で変化すること。 しんか
54%
1新しく作り直したり、買い替えたりすること。2意味するところが奥深く、含みの多いこと。 3注意深くて、軽々しく行動しないこと。 しんちょう
54%
1尻上がりに高く発音する声調のこと。2より高い位置、より高い程度に向かってゆくこと。 3戦うたびに勝つこと。 じょうしょう
46%
1被害・損害などの程度がわずかであること。2変時に備えて警戒し安全を確保すること。 けいび
46%
1中国武術や忍術において、身体に隠し持つことができる小さな武器のこと。2妄想から引き起こされる恐れや疑い。 3文字や数値、知識などを誦じることができるように覚えること。 あんき
38%
1楽しみと苦しみ。苦楽。2ある数量を他の単位で計算し直すこと。 3ひっそり静まり返っていること。 かんさん
31%
1価値や程度の度合い。2使者を謹んでとむらうこと。 3謹んで人の話をきくこと。 けいちょう
23%
No matching quizzes found
Score Distribution
Percent of People with Each Score
Percentile by Number Answered
Your Score History
You have not taken this quiz